Man alone; alienation in modern society

Tallennettuna:
Bibliografiset tiedot
Päätekijä: Josephson, Eric
Aineistotyyppi: Kirja
Kieli:Undetermined
Julkaistu: New York Dell Pub. Co. 1962
Aiheet:
Tagit: Lisää tagi
Ei tageja, Lisää ensimmäinen tagi!
Thư viện lưu trữ: Trung tâm Học liệu Trường Đại học Cần Thơ
LEADER 00508nam a2200181Ia 4500
001 CTU_91348
008 210402s9999 xx 000 0 und d
082 |a 301 
082 |b J83 
100 |a Josephson, Eric 
245 0 |a Man alone; alienation in modern society 
245 0 |c Edited, with an introd., by Eric and Mary Josephson. 
260 |a New York 
260 |b Dell Pub. Co. 
260 |c 1962 
650 |a Civilization 
904 |i Năm 
980 |a Trung tâm Học liệu Trường Đại học Cần Thơ